000 00586nam a22001937a 4500
999 _c187163
_d187163
005 20220405121433.0
010 _aUR-11508
020 _c150.00
_a-
035 _aU-10063
037 _bDBAD/PUB
_a-
082 _aک
_2Ist
100 _aمحمد طا ر ق
245 _aآ تش پا ر ے
_c محمد طا ر ق
_hا ر د و
246 _bAatish Parey-1 (Urdu)
_aby Mohammad Tarique
260 _aAmrawati
_bMohammad Tarique
_c2015 ء
270 _aInamdar House,Kohlapur,
_bAmrawati
_e444604
_k0805503365
_l-
300 _a128 ص
_c22 Cm(Hb)
942 _2ddc
_cUR
_hک
_mم ح م